000 00828nam a2200229Ii 4500
003 JO-AjNU
008 230605s9999||||xx |||||||||||||| ||und||
017 _a2005/2/220
020 _a9957-38-025-7
040 _aJO-AjNU
_bara
_erda
_cJO-AjNU
041 _aara
050 1 4 _aBP44.H3942.2005
100 3 _aحوامدة،باسم علي ، القادري،احمد رشيد ، أبو شريخ،شاهر ذيب,
_eauthor
_922516
245 0 0 _aتربية الأطفال في الإسلام
250 _aط1
264 3 1 _aعمان:دار جرير للنشر والتوزيع ،2005
300 _a176ص
336 _atext
_btxt
_2rdacontent
337 _aunmediated
_bn
_2rdamedia
338 _avolume
_bnc
_2rdacarrier
650 4 _aرعاية الطفولة-المجتمع الاسلامي-الاسرة-الاسلام
_922517
999 _aA8005
_c11573
_d11573